[Event "Fagernes GM-A 2019"]
[Site "Fagernes"]
[Date "2019.04.17"]
[Round "5.20"]
[White "Bjerke, Richard"]
[Black "Gronnestad, Anita"]
[Result "1-0"]
[WhiteElo "2156"]
[BlackElo "1954"]
[Annotator "TA"]
[PlyCount "121"]
[EventDate "2019.04.14"]
[EventType "tourn"]
[EventCountry "NOR"]
[SourceTitle "playchess.com"]
[Source "ChessBase"]
[SourceQuality "1"]

{[%evp 18,121,21,18,25,23,21,9,20,0,14,19,29,17,29,10,39,24,27,34,27,14,30,18,25,0,13,0,23,0,12,-45,17,9,38,0,22,14,54,49,76,55,93,54,57,48,41,47,47,37,113,131,164,164,182,175,189,187,289,298,354,204,210,172,446,485,502,498,483,470,525,244,244,244,255,225,225,203,203,203,263,203,204,204,358,341,321,189,435,451,5288,2936,29979,29980,29975,29975,29984,29985,29988,29989,29994,29995,29995,29996,29996,29997]} 1. d4 d5 2. Nf3 Nf6 3. c4 e6 4. Nc3 Be7 5. Bg5 O-O 6. e3 b6 7. Be2 Bb7 8. Bxf6 Bxf6 9. cxd5 exd5 10. b4 Qd6 {D55: Queen's Gambit Declined: 4 Bg5 Be7: Lines without ...h6 and 6...h6 7 Bxf6} (10... c5 11. bxc5 bxc5 12. Rb1 Qa5 13. Qd2 cxd4 14. Nxd4 Rc8 15. Rxb7 Qxc3 16. Qxc3 Rxc3 17. Kd2 Bxd4 18. exd4 {½-½ (152) Georgiev,K (2623)-Gaehwiler,G (2428) Caleta 2018}) 11. Qb3 c6 12. O-O Nd7 {The position is equal.} 13. Rfd1 $146 ({Predecessor:} 13. a4 a5 14. bxa5 Rxa5 15. Rab1 Ba6 16. Bxa6 Rxa6 17. Rfc1 Rfa8 18. g3 {1-0 (39) Granero Roca,A (2397)-Silva Rodriguez,F (2305) Linares 2015}) 13... Rfe8 14. a4 {[%cal Ba2a4,Ba4a5][%mdl 32]} a6 15. Rab1 b5 16. a5 Nf8 17. Qc2 Bc8 18. Re1 g6 19. Bd3 Ne6 20. h3 Bd7 21. Qb3 Bg7 22. Rbd1 Qf8 23. Bc2 Rad8 24. Qb1 ({White should try} 24. Ne5 $11) 24... Nc7 (24... Qe7 $15) 25. Ne2 $11 {[%cal Bc3e2,Be2c1,Bc1d3][%mdl 32]} Bf6 {Black wants to play ...Be7.} 26. Qb3 Ne6 27. Nc1 Bc8 28. Nd3 Bd7 29. Rc1 Be7 30. Bb1 f6 31. e4 Kh8 32. exd5 cxd5 33. Nc5 Bxc5 (33... Nf4 $14) 34. dxc5 $16 Bc6 35. Rcd1 Rc8 36. Qb2 Qg7 37. Ba2 Nf4 (37... Rcd8 $142 38. Re3 Kg8) 38. Qd2 $18 Ne6 39. Re3 (39. Bxd5 $142 Bxd5 40. Qxd5) 39... Nc7 40. Nd4 Qd7 $2 (40... Rxe3 41. Qxe3 (41. fxe3 Ba8 $16) 41... Re8) 41. Nxc6 Rxe3 42. fxe3 Qxc6 43. Bxd5 Qe8 44. e4 (44. Bb7 $142 Rb8 45. Bf3) 44... Rd8 45. Qf4 {[%cal Rf4f6] [#]} Qe7 46. Rd2 Kg7 47. Ba2 $40 {[%mdl 128] White attacks with force.} g5 48. Qe3 Ne8 49. Rd4 Rxd4 50. Qxd4 Qe5 $2 (50... h5 {is a better defense.} 51. Kf2 Nc7) 51. Qd7+ Kh6 {intending ...Qa1+.} 52. Qd3 (52. Bf7 $142 Qa1+ 53. Kf2 Qb2+ 54. Kf3) 52... Qb2 $2 (52... Qa1+ {was called for.} 53. Bb1 Qe5) 53. Bf7 Ng7 (53... Qc1+ $142 54. Kf2 Qf4+ 55. Qf3 Qxf3+ 56. gxf3 Nc7) 54. Qd6 Nh5 55. Bxh5 {White mates.} Kxh5 {[%mdl 4096] Endgame KQ-KQ} 56. c6 Qc3 57. c7 h6 58. Kh2 Kh4 59. c8=Q {[%mdl 64] [#] Deflection} Qxc8 60. Qxf6 {[%cal Rf6h6]} Qc7+ 61. e5 {Accuracy: White = 58%, Black = 25%.} 1-0

[Event "Fagernes GM-A 2019"]
[Site "Fagernes"]
[Date "2019.04.17"]
[Round "5.21"]
[White "Machlik, Edit"]
[Black "Lillevold, Frode"]
[Result "0-1"]
[WhiteElo "2109"]
[BlackElo "2076"]
[Annotator "TA"]
[PlyCount "80"]
[EventDate "2019.04.14"]
[EventType "tourn"]
[EventCountry "NOR"]
[SourceTitle "playchess.com"]
[Source "ChessBase"]
[SourceQuality "1"]

{[%evp 23,80,0,0,0,0,0,0,-36,-32,-51,-51,-122,-101,-108,-107,-103,-94,-214,-208,-356,-331,-354,-343,-327,-259,-608,-582,-1232,-1231,-1223,-1206,-1159,-1146,-1035,-786,-751,-694,-745,-695,-675,-687,-877,-749,-961,-787,-1326,-1321,-1298,-1292,-2463,-2447,-2702,-2671,-1982,-1172,-1234,-1171,-29996,-29997]} 1. d4 d5 2. c4 e6 3. Nc3 c6 4. e3 Nf6 5. Nf3 Nbd7 6. Qc2 Bd6 7. b3 O-O 8. Be2 b6 9. Bb2 Bb7 10. O-O Qe7 11. Rad1 Rad8 12. Rfe1 Rfe8 13. Bf1 {D45: Semi-Slav: 5 e3} (13. e4 Nxe4 14. Nxe4 dxe4 15. Qxe4 Bb4 16. Rf1 Bd6 17. Rfe1 Bb4 18. Rf1 Bd6 19. Rfe1 Bb4 {½-½ (19) Radjabov,T (2748)-Carlsen,M (2843) Shamkir 2018}) 13... e5 14. cxd5 e4 15. Ne5 {The position is equal.} cxd5 {[#]} 16. Bb5 $146 ({Predecessor:} 16. Nb5 Bb4 17. Nxd7 Rxd7 18. Bc3 a6 19. Qd2 Bxc3 20. Nxc3 Rc7 {1-0 (87) Panchanathan,M (2556)-Arun Prasad,S (2489) Paris 2011}) 16... Qe6 17. h3 (17. Qe2 $15) 17... a6 18. Nxd7 Nxd7 19. Bxd7 Qxd7 20. Na4 {[#]} (20. Rf1 $17) 20... Bb8 $1 $19 21. Ba3 {[#]} (21. Rf1 $142) 21... Re6 $1 22. Rc1 Rg6 {And now ...Qxh3 would win.} 23. Kf1 Bc8 24. Red1 $2 {[#]} (24. Be7 Qxe7 25. Qxc8) 24... Rxg2 $1 {[%mdl 512]} 25. Nxb6 (25. Kxg2 Qxh3+) 25... Qxh3 26. Nxc8 {[#]} Bg3 $1 {[%mdl 512]} 27. Ne7+ (27. fxg3 Qh1#) 27... Kh8 28. Ke1 Qh1+ 29. Kd2 Rxf2+ 30. Kc3 Rxc2+ 31. Kxc2 Qf3 32. Rh1 Qxe3 {Hoping for ...Qd3+.} 33. Kb1 h6 34. Rcg1 Bd6 35. Bxd6 Rxd6 36. Nf5 Qd3+ 37. Ka1 Rg6 38. Rc1 Kh7 39. Rhd1 Qe2 {( -> ...Rg2)} 40. Ne7 Rg2 {Accuracy: White = 27%, Black = 97%.} 0-1

[Event "Fagernes GM-A 2019"]
[Site "Fagernes"]
[Date "2019.04.18"]
[Round "6.1"]
[White "Demchenko, Anton"]
[Black "Urkedal, Frode Olav Olsen"]
[Result "1-0"]
[WhiteElo "2661"]
[BlackElo "2513"]
[Annotator "ChessBase"]
[PlyCount "89"]
[EventDate "2019.04.14"]
[EventType "tourn"]
[EventCountry "NOR"]
[SourceTitle "playchess.com"]
[Source "ChessBase"]
[SourceQuality "1"]
[TimeControl "40/7200:3600"]

1. e4 {[%emt 0:00:02]} e5 {[%emt 0:00:06]} 2. Nf3 {[%emt 0:00:05]} Nc6 {[%emt 0:00:03]} 3. Bc4 {[%emt 0:00:05]} Nf6 {[%emt 0:00:04]} 4. d3 {[%emt 0:00:04]} h6 {[%emt 0:00:04]} 5. a4 {[%emt 0:05:37]} Bc5 {[%emt 0:05:06]} 6. c3 {[%emt 0:01:43]} a6 {[%emt 0:00:58]} 7. O-O {[%emt 0:00:47]} d6 {[%emt 0:00:26]} 8. Nbd2 {[%emt 0:05:37]} Ba7 {[%emt 0:01:24]} 9. Re1 {[%emt 0:03:03]} g5 {[%emt 0:00:50]} 10. b4 {[%emt 0:03:20]} Nh5 {[%emt 0:00:39]} 11. Nb3 {[%emt 0:13:56]} g4 {[%emt 0:01:01]} 12. b5 {[%emt 0:05:23]} axb5 {[%emt 0:00:25]} 13. axb5 {[%emt 0:00:04]} Bxf2+ {[%emt 0:00:21]} 14. Kxf2 {[%emt 0:00:01]} Rxa1 {[%emt 0:00:07]} 15. Nxa1 {[%emt 0:00:18]} gxf3 {[%emt 0:00:10]} 16. g3 {[%emt 0:01:48]} Na5 {[%emt 0:00:24]} 17. Qxf3 {[%emt 0:00:11]} Nxc4 {[%emt 0:00:09]} 18. Qxh5 {[%emt 0:00:20]} Nb6 {[%emt 0:00:06]} 19. Nc2 {[%emt 0:06:54]} Na4 {[%emt 0:02:18]} 20. c4 {[%emt 0:03:27]} c6 {[%emt 0:18:57]} 21. bxc6 {[%emt 0:02:57]} Qb6+ {[%emt 0:10:26]} 22. Kg2 {[%emt 0:14:10]} bxc6 {[%emt 0:01:46]} 23. Ne3 {[%emt 0:00:30]} Nc5 {[%emt 0:01:05]} 24. Rf1 {[%emt 0:01:54]} Qa7 {[%emt 0:08:14]} 25. Ba3 {[%emt 0:09:27]} Nxd3 {[%emt 0:10:22]} 26. Bxd6 {[%emt 0:02:02]} Be6 {[%emt 0:00:08]} 27. Qh4 {[%emt 0:06:27]} Rg8 {[%emt 0:04:06]} 28. Ra1 {[%emt 0:05:16]} Nf4+ {[%emt 0:00:49]} 29. Kf3 {[%emt 0:01:11]} Qxe3+ {[%emt 0:00:29]} 30. Kxe3 {[%emt 0:00:02]} Ng2+ {[%emt 0:00:10]} 31. Kf2 {[%emt 0:01:02]} Nxh4 {[%emt 0:00:08]} 32. Ra8+ {[%emt 0:00:12]} Kd7 {[%emt 0:00:06]} 33. Rxg8 {[%emt 0:00:03]} Kxd6 {[%emt 0:01:53]} 34. gxh4 {[%emt 0:00:12]} Bxc4 {[%emt 0:08:18]} 35. Rh8 {[%emt 0:00:51]} Be6 {[%emt 0:02:04]} 36. Rxh6 {[%emt 0:00:23]} Ke7 {[%emt 0:00:06]} 37. Rh5 {[%emt 0:02:14]} f6 {[%emt 0:07:14]} 38. Rh7+ {[%emt 0:00:19]} Bf7 {[%emt 0:02:23]} 39. h5 {[%emt 0:01:32]} Kf8 {[%emt 0:03:06]} 40. h6 {[%emt 0:00:18]} Kg8 {[%emt 0:01:42]} 41. Rg7+ {[%emt 1:00:08]} Kf8 {[%emt 1:00:04]} 42. Rg3 {[%emt 0:00:50]} Bg8 {[%emt 0:00:06]} 43. Rg6 {[%emt 0:00:39]} Bh7 {[%emt 0:01:49]} 44. Rxf6+ {[%emt 0:00:05]} Kg8 {[%emt 0:00:05]} 45. Ke3 {[%emt 0:00:12]} 1-0

[Event "Fagernes GM-A 2019"]
[Site "Fagernes"]
[Date "2019.04.18"]
[Round "6.2"]
[White "Mikalsen, Erlend"]
[Black "Alekseev, Evgeny"]
[Result "1/2-1/2"]
[WhiteElo "2397"]
[BlackElo "2649"]
[Annotator "ChessBase"]
[PlyCount "48"]
[EventDate "2019.04.14"]
[EventType "tourn"]
[EventCountry "NOR"]
[SourceTitle "playchess.com"]
[Source "ChessBase"]
[SourceQuality "1"]
[TimeControl "40/7200:3600"]

1. e4 {[%emt 0:00:03]} c5 {[%emt 0:03:15]} 2. Nf3 {[%emt 0:00:07]} e6 {[%emt 0:00:46]} 3. d4 {[%emt 0:00:05]} cxd4 {[%emt 0:00:25]} 4. Nxd4 {[%emt 0:00:05]} a6 {[%emt 0:00:37]} 5. Nc3 {[%emt 0:00:07]} Nc6 {[%emt 0:02:04]} 6. Nxc6 {[%emt 0:00:12]} bxc6 {[%emt 0:00:09]} 7. Bd3 {[%emt 0:00:04]} d5 {[%emt 0:01:30]} 8. O-O {[%emt 0:00:06]} Nf6 {[%emt 0:01:00]} 9. Qf3 {[%emt 0:01:03]} Be7 {[%emt 0:03:31]} 10. Qg3 {[%emt 0:00:28]} O-O {[%emt 0:00:45]} 11. Bh6 {[%emt 0:00:03]} Ne8 {[%emt 0:00:11]} 12. Bf4 {[%emt 0:00:06]} f6 {[%emt 0:01:09]} 13. Rad1 {[%emt 0:12:07]} e5 {[%emt 0:13:26]} 14. Bc1 {[%emt 0:00:54]} d4 {[%emt 0:01:27]} 15. f4 {[%emt 0:08:22]} exf4 {[%emt 0:23:51]} 16. Bxf4 {[%emt 0:02:22]} Be6 {[%emt 0:03:28]} 17. Ne2 {[%emt 0:01:52]} c5 {[%emt 0:02:55]} 18. b3 {[%emt 0:05:44]} a5 {[%emt 0:18:23]} 19. e5 {[%emt 0:17:36]} Qd7 {[%emt 0:15:01]} 20. Qf3 {[%emt 0:13:15]} Ra7 {[%emt 0:07:24]} 21. Qh5 {[%emt 0:00:56]} f5 {[%emt 0:00:29]} 22. Bg5 {[%emt 0:06:27]} g6 {[%emt 0:01:25]} 23. Qh4 {[%emt 0:00:44]} Bxg5 {[%emt 0:06:11]} 24. Qxg5 {[%emt 0:00:06]} Ng7 {[%emt 0:01:52]} 1/2-1/2

[Event "Fagernes GM-A 2019"]
[Site "Fagernes"]
[Date "2019.04.18"]
[Round "6.3"]
[White "Vovk, Andriy"]
[Black "Galinsky, Timofey"]
[Result "1-0"]
[WhiteElo "2616"]
[BlackElo "2378"]
[Annotator "ChessBase"]
[PlyCount "131"]
[EventDate "2019.04.14"]
[EventType "tourn"]
[EventCountry "NOR"]
[SourceTitle "playchess.com"]
[Source "ChessBase"]
[SourceQuality "1"]
[TimeControl "40/7200:3600"]

1. e4 {[%emt 0:02:08]} e6 {[%emt 0:00:06]} 2. d4 {[%emt 0:00:08]} d5 {[%emt 0:00:12]} 3. Nd2 {[%emt 0:00:14]} dxe4 {[%emt 0:00:16]} 4. Nxe4 {[%emt 0:00:06]} Bd7 {[%emt 0:00:21]} 5. Nf3 {[%emt 0:00:54]} Bc6 {[%emt 0:00:13]} 6. Bd3 {[%emt 0:00:37]} Nd7 {[%emt 0:00:32]} 7. O-O {[%emt 0:00:42]} Ngf6 {[%emt 0:00:18]} 8. Ned2 {[%emt 0:04:27]} Be7 {[%emt 0:01:16]} 9. Re1 {[%emt 0:01:41]} O-O {[%emt 0:03:12]} 10. Nc4 {[%emt 0:01:38]} b6 {[%emt 0:03:19]} 11. Qe2 {[%emt 0:09:31]} Bb7 {[%emt 0:04:56]} 12. Nce5 {[%emt 0:03:56]} c5 {[%emt 0:04:28]} 13. Ng5 {[%emt 0:14:49]} Qe8 {[%emt 0:24:42]} 14. Bc4 {[%emt 0:16:36]} Nxe5 {[%emt 0:02:22]} 15. dxe5 {[%emt 0:00:28]} Qc6 {[%emt 0:00:28]} 16. f4 {[%emt 0:10:08]} Nd5 {[%emt 0:02:37]} 17. Ne4 {[%emt 0:07:07]} a6 {[%emt 0:02:15]} 18. a4 {[%emt 0:00:55]} Rfd8 {[%emt 0:03:12]} 19. c3 {[%emt 0:03:29]} Bh4 {[%emt 0:04:30]} 20. g3 {[%emt 0:01:09]} Be7 {[%emt 0:00:19]} 21. h4 {[%emt 0:00:59]} Nc7 {[%emt 0:05:08]} 22. Kh2 {[%emt 0:00:44]} Rd7 {[%emt 0:02:48]} 23. Bd3 {[%emt 0:02:45]} Rad8 {[%emt 0:00:30]} 24. Bc2 {[%emt 0:02:23]} c4 {[%emt 0:02:12]} 25. Kh3 {[%emt 0:07:10]} f5 {[%emt 0:16:46]} 26. exf6 {[%emt 0:01:32]} gxf6 {[%emt 0:00:05]} 27. b3 {[%emt 0:10:10]} f5 {[%emt 0:00:59]} 28. Ng5 {[%emt 0:00:31]} Rd6 {[%emt 0:05:10]} 29. Rf1 {[%emt 0:05:04]} h6 {[%emt 0:03:26]} 30. Nf3 {[%emt 0:00:21]} cxb3 {[%emt 0:00:25]} 31. Bxb3 {[%emt 0:00:27]} Qxc3 {[%emt 0:02:59]} 32. Bb2 {[%emt 0:01:31]} Qxb3 {[%emt 0:05:41]} 33. Qe5 {[%emt 0:00:03]} Bf8 {[%emt 0:00:49]} 34. Qh8+ {[%emt 0:02:51]} Kf7 {[%emt 0:00:04]} 35. Ne5+ {[%emt 0:01:05]} Ke8 {[%emt 0:00:09]} 36. Qg8 {[%emt 0:00:26]} R8d7 {[%emt 0:01:30]} 37. Qg6+ {[%emt 0:00:35]} Kd8 {[%emt 0:00:12]} 38. Qf6+ {[%emt 0:00:05]} Be7 {[%emt 0:02:01]} 39. Qh8+ {[%emt 0:00:03]} Ne8 {[%emt 0:00:26]} 40. Rac1 {[%emt 0:00:22]} Bf6 {[%emt 0:04:18]} 41. Nc6+ {[%emt 0:02:02]} Bxc6 {[%emt 0:03:39]} 42. Bxf6+ {[%emt 0:00:20]} Kc7 {[%emt 0:00:16]} 43. Qxe8 {[%emt 0:00:28]} Qd5 {[%emt 0:03:07]} 44. Rf2 {[%emt 0:08:13]} Kb7 {[%emt 0:00:53]} 45. Be5 {[%emt 0:02:14]} Rd8 {[%emt 0:01:57]} 46. Qg6 {[%emt 0:00:12]} R6d7 {[%emt 0:00:21]} 47. a5 {[%emt 0:00:35]} bxa5 {[%emt 0:01:43]} 48. Qxh6 {[%emt 0:05:23]} Rg8 {[%emt 0:01:17]} 49. Qh5 {[%emt 0:00:28]} Qd3 {[%emt 0:02:40]} 50. Rg1 {[%emt 0:00:34]} a4 {[%emt 0:02:23]} 51. Qe2 {[%emt 0:01:44]} a3 {[%emt 0:00:11]} 52. Qxd3 {[%emt 0:01:29]} Rxd3 {[%emt 0:00:04]} 53. h5 {[%emt 0:00:13]} Rd7 {[%emt 0:01:08]} 54. g4 {[%emt 0:05:48]} Rh7 {[%emt 0:00:43]} 55. Kh4 {[%emt 0:02:06]} Be8 {[%emt 0:00:15]} 56. Rb1+ {[%emt 0:00:36]} Ka7 {[%emt 0:01:53]} 57. g5 {[%emt 0:00:14]} Bxh5 {[%emt 0:08:14]} 58. Kg3 {[%emt 0:00:28]} Rd8 {[%emt 0:00:47]} 59. Rb3 {[%emt 0:02:18]} Rd1 {[%emt 0:04:12]} 60. Rc2 {[%emt 0:03:19]} Bg4 {[%emt 0:03:33]} 61. Kg2 {[%emt 0:00:33]} Bh5 {[%emt 0:12:54]} 62. Bb8+ {[%emt 0:06:17]} Ka8 {[%emt 0:00:04]} 63. Rc8 {[%emt 0:00:17]} Bf3+ {[%emt 0:01:27]} 64. Kxf3 {[%emt 0:00:13]} Rh3+ {[%emt 0:00:08]} 65. Ke2 {[%emt 0:00:04]} Rxb3 {[%emt 0:00:27]} 66. Be5+ {[%emt 0:00:04]} 1-0

[Event "Fagernes GM-A 2019"]
[Site "Fagernes"]
[Date "2019.04.18"]
[Round "6.4"]
[White "Hauge, Lars Oskar"]
[Black "Postny, Evgeny"]
[Result "1-0"]
[WhiteElo "2472"]
[BlackElo "2612"]
[Annotator "ChessBase"]
[PlyCount "101"]
[EventDate "2019.04.14"]
[EventType "tourn"]
[EventCountry "NOR"]
[SourceTitle "playchess.com"]
[Source "ChessBase"]
[SourceQuality "1"]
[TimeControl "40/7200:3600"]

1. d4 {[%emt 0:03:10]} d5 {[%emt 0:00:07]} 2. Nf3 {[%emt 0:00:24]} Nf6 {[%emt 0:00:07]} 3. Bf4 {[%emt 0:00:05]} Bf5 {[%emt 0:00:46]} 4. e3 {[%emt 0:00:33]} e6 {[%emt 0:00:12]} 5. c4 {[%emt 0:02:25]} Bxb1 {[%emt 0:01:51]} 6. Qxb1 {[%emt 0:00:13]} Bb4+ {[%emt 0:00:06]} 7. Kd1 {[%emt 0:00:04]} Bd6 {[%emt 0:01:45]} 8. Bxd6 {[%emt 0:04:21]} Qxd6 {[%emt 0:01:27]} 9. Qc2 {[%emt 0:05:17]} Nbd7 {[%emt 0:07:27]} 10. cxd5 {[%emt 0:04:10]} Nxd5 {[%emt 0:05:05]} 11. Rc1 {[%emt 0:06:07]} c5 {[%emt 0:15:02]} 12. Bb5 {[%emt 0:04:55]} cxd4 {[%emt 0:12:52]} 13. Nxd4 {[%emt 0:04:17]} O-O {[%emt 0:00:18]} 14. Ke2 {[%emt 0:03:53]} N7f6 {[%emt 0:02:35]} 15. Nf3 {[%emt 0:01:01]} Qb4 {[%emt 0:16:40]} 16. Bd3 {[%emt 0:06:22]} Rad8 {[%emt 0:06:39]} 17. Rhd1 {[%emt 0:01:38]} Rd6 {[%emt 0:00:20]} 18. a3 {[%emt 0:06:10]} Qb6 {[%emt 0:03:53]} 19. Ne5 {[%emt 0:02:05]} Qd8 {[%emt 0:04:47]} 20. Qa4 {[%emt 0:09:33]} Qb8 {[%emt 0:00:52]} 21. Nf3 {[%emt 0:01:24]} Rfd8 {[%emt 0:00:27]} 22. Qh4 {[%emt 0:00:47]} Rb6 {[%emt 0:03:30]} 23. Rd2 {[%emt 0:01:19]} h6 {[%emt 0:01:58]} 24. Qg3 {[%emt 0:08:24]} Qxg3 {[%emt 0:01:48]} 25. hxg3 {[%emt 0:00:17]} Kf8 {[%emt 0:00:46]} 26. Rdc2 {[%emt 0:00:50]} Ne7 {[%emt 0:06:37]} 27. Ne5 {[%emt 0:06:49]} Rbd6 {[%emt 0:02:22]} 28. Rc7 {[%emt 0:07:26]} Rb8 {[%emt 0:06:06]} 29. e4 {[%emt 0:03:46]} a6 {[%emt 0:04:51]} 30. b4 {[%emt 0:00:29]} Rdd8 {[%emt 0:00:34]} 31. R1c2 {[%emt 0:05:29]} Rdc8 {[%emt 0:00:19]} 32. f3 {[%emt 0:01:10]} Ke8 {[%emt 0:02:50]} 33. a4 {[%emt 0:02:13]} Rxc7 {[%emt 0:00:53]} 34. Rxc7 {[%emt 0:00:09]} Kd8 {[%emt 0:00:04]} 35. Rc2 {[%emt 0:00:07]} Ke8 {[%emt 0:00:05]} 36. b5 {[%emt 0:00:12]} a5 {[%emt 0:01:47]} 37. Rc7 {[%emt 0:01:32]} Nc8 {[%emt 0:01:48]} 38. Rxf7 {[%emt 0:04:02]} Nb6 {[%emt 0:00:01]} 39. Rxg7 {[%emt 0:00:28]} Nxa4 {[%emt 0:00:02]} 40. Rg6 {[%emt 0:00:24]} Ke7 {[%emt 0:00:15]} 41. Rxf6 {[%emt 1:01:41]} Kxf6 {[%emt 1:00:05]} 42. Nd7+ {[%emt 0:00:03]} Ke7 {[%emt 0:00:00]} 43. Nxb8 {[%emt 0:00:00]} Kd6 {[%emt 0:00:00]} 44. Bc4 {[%emt 0:00:00]} Nc5 {[%emt 0:00:00]} 45. Ke3 {[%emt 0:00:00]} a4 {[%emt 0:00:00]} 46. Na6 {[%emt 0:00:00]} bxa6 {[%emt 0:00:00]} 47. bxa6 {[%emt 0:00:00]} Nd7 {[%emt 0:00:00]} 48. f4 {[%emt 0:00:00]} e5 {[%emt 0:00:00]} 49. a7 {[%emt 0:00:00]} Nb6 {[%emt 0:00:00]} 50. Bd5 {[%emt 0:00:00]} a3 {[%emt 0:00:00]} 51. Kd3 {[%emt 0:00:00]} 1-0

[Event "Fagernes GM-A 2019"]
[Site "Fagernes"]
[Date "2019.04.18"]
[Round "6.5"]
[White "Turov, Maxim"]
[Black "Romanov, Evgeny"]
[Result "1/2-1/2"]
[WhiteElo "2584"]
[BlackElo "2576"]
[Annotator "ChessBase"]
[PlyCount "25"]
[EventDate "2019.04.14"]
[EventType "tourn"]
[EventCountry "NOR"]
[SourceTitle "playchess.com"]
[Source "ChessBase"]
[SourceQuality "1"]
[TimeControl "40/7200:3600"]

1. d4 {[%emt 0:00:05]} Nf6 {[%emt 0:01:03]} 2. c4 {[%emt 0:00:05]} e6 {[%emt 0:00:14]} 3. g3 {[%emt 0:00:07]} c5 {[%emt 0:07:44]} 4. Nf3 {[%emt 0:00:23]} cxd4 {[%emt 0:03:42]} 5. Nxd4 {[%emt 0:04:31]} a6 {[%emt 0:00:22]} 6. Bg2 {[%emt 0:02:47]} Qc7 {[%emt 0:00:27]} 7. Nc3 {[%emt 0:01:52]} d6 {[%emt 0:04:11]} 8. O-O {[%emt 0:04:42]} Be7 {[%emt 0:00:58]} 9. b3 {[%emt 0:04:38]} Bd7 {[%emt 0:11:54]} 10. Bb2 {[%emt 0:11:10]} Nc6 {[%emt 0:00:19]} 11. Rc1 {[%emt 0:00:08]} Nxd4 {[%emt 0:01:25]} 12. Qxd4 {[%emt 0:00:08]} O-O {[%emt 0:01:20]} 13. Rfd1 {[%emt 0:04:58]} 1/2-1/2

[Event "Fagernes GM-A 2019"]
[Site "Fagernes"]
[Date "2019.04.18"]
[Round "6.6"]
[White "Blomqvist, Erik"]
[Black "Vestby-Ellingsen, Mads"]
[Result "1/2-1/2"]
[WhiteElo "2496"]
[BlackElo "2333"]
[Annotator "ChessBase"]
[PlyCount "76"]
[EventDate "2019.04.14"]
[EventType "tourn"]
[EventCountry "NOR"]
[SourceTitle "playchess.com"]
[Source "ChessBase"]
[SourceQuality "1"]
[TimeControl "40/7200:3600"]

1. Nf3 {[%emt 0:00:10]} c5 {[%emt 0:00:14]} 2. e4 {[%emt 0:00:17]} e6 {[%emt 0:00:15]} 3. c3 {[%emt 0:00:16]} Nf6 {[%emt 0:00:17]} 4. e5 {[%emt 0:00:12]} Nd5 {[%emt 0:00:08]} 5. Bc4 {[%emt 0:00:05]} d6 {[%emt 0:00:14]} 6. d4 {[%emt 0:00:08]} cxd4 {[%emt 0:00:10]} 7. cxd4 {[%emt 0:00:06]} Be7 {[%emt 0:00:15]} 8. O-O {[%emt 0:00:17]} O-O {[%emt 0:00:12]} 9. Re1 {[%emt 0:00:25]} b6 {[%emt 0:06:21]} 10. Bxd5 {[%emt 0:00:40]} exd5 {[%emt 0:00:12]} 11. Nc3 {[%emt 0:00:14]} dxe5 {[%emt 0:07:33]} 12. Nxe5 {[%emt 0:08:01]} Bb7 {[%emt 0:02:27]} 13. Qg4 {[%emt 0:26:41]} Nc6 {[%emt 0:14:32]} 14. Bh6 {[%emt 0:15:55]} Bf6 {[%emt 0:00:47]} 15. Rad1 {[%emt 0:00:42]} Bc8 {[%emt 0:09:31]} 16. Qf3 {[%emt 0:22:30]} Ne7 {[%emt 0:08:30]} 17. Bf4 {[%emt 0:00:17]} Be6 {[%emt 0:02:19]} 18. h3 {[%emt 0:06:04]} Rc8 {[%emt 0:13:33]} 19. Ng4 {[%emt 0:04:49]} Ng6 {[%emt 0:03:07]} 20. Bg3 {[%emt 0:07:55]} Be7 {[%emt 0:04:05]} 21. Ne5 {[%emt 0:02:17]} a6 {[%emt 0:02:15]} 22. Nxg6 {[%emt 0:00:25]} hxg6 {[%emt 0:00:17]} 23. Rc1 {[%emt 0:02:09]} Qd7 {[%emt 0:02:43]} 24. Ne2 {[%emt 0:01:08]} g5 {[%emt 0:01:37]} 25. Rxc8 {[%emt 0:01:32]} Rxc8 {[%emt 0:00:14]} 26. Rc1 {[%emt 0:00:18]} b5 {[%emt 0:08:40]} 27. Rxc8+ {[%emt 0:02:51]} Qxc8 {[%emt 0:00:10]} 28. Qc3 {[%emt 0:01:27]} b4 {[%emt 0:03:38]} 29. Qxc8+ {[%emt 0:00:41]} Bxc8 {[%emt 0:00:08]} 30. Bc7 {[%emt 0:00:51]} Bf5 {[%emt 0:01:27]} 31. f3 {[%emt 0:01:22]} Kf8 {[%emt 0:02:37]} 32. Kf2 {[%emt 0:01:08]} Ke8 {[%emt 0:00:26]} 33. Ke3 {[%emt 0:00:59]} Kd7 {[%emt 0:00:26]} 34. Be5 {[%emt 0:00:27]} f6 {[%emt 0:00:15]} 35. Bb8 {[%emt 0:00:26]} Kc6 {[%emt 0:00:51]} 36. Kd2 {[%emt 0:00:11]} Kb5 {[%emt 0:01:24]} 37. Bh2 {[%emt 0:02:11]} Ka4 {[%emt 0:05:36]} 38. Bc7 {[%emt 0:00:35]} Kb5 {[%emt 0:05:46]} 1/2-1/2

[Event "Fagernes GM-A 2019"]
[Site "Fagernes"]
[Date "2019.04.18"]
[Round "6.7"]
[White "Sisatto, Olli"]
[Black "Notkevich, Benjamin Arvola"]
[Result "1-0"]
[WhiteElo "2276"]
[BlackElo "2495"]
[Annotator "ChessBase"]
[PlyCount "69"]
[EventDate "2019.04.14"]
[EventType "tourn"]
[EventCountry "NOR"]
[SourceTitle "playchess.com"]
[Source "ChessBase"]
[SourceQuality "1"]
[TimeControl "40/7200:3600"]

1. d4 {[%emt 0:00:09]} Nf6 {[%emt 0:00:27]} 2. c4 {[%emt 0:00:16]} e6 {[%emt 0:00:03]} 3. Nc3 {[%emt 0:00:56]} Bb4 {[%emt 0:00:05]} 4. Nf3 {[%emt 0:00:16]} O-O {[%emt 0:00:12]} 5. Bg5 {[%emt 0:00:43]} d5 {[%emt 0:00:43]} 6. e3 {[%emt 0:00:34]} h6 {[%emt 0:00:20]} 7. Bh4 {[%emt 0:00:18]} Nbd7 {[%emt 0:00:40]} 8. a3 {[%emt 0:04:01]} Bxc3+ {[%emt 0:00:37]} 9. bxc3 {[%emt 0:00:13]} c5 {[%emt 0:00:25]} 10. cxd5 {[%emt 0:07:41]} exd5 {[%emt 0:02:19]} 11. Bd3 {[%emt 0:05:50]} Qa5 {[%emt 0:00:07]} 12. Qc2 {[%emt 0:05:42]} b6 {[%emt 0:07:15]} 13. O-O {[%emt 0:02:58]} Ba6 {[%emt 0:00:58]} 14. Bxa6 {[%emt 0:06:50]} Qxa6 {[%emt 0:00:05]} 15. Bxf6 {[%emt 0:00:32]} Nxf6 {[%emt 0:00:01]} 16. dxc5 {[%emt 0:00:25]} Rfc8 {[%emt 0:05:25]} 17. cxb6 {[%emt 0:01:14]} axb6 {[%emt 0:00:11]} 18. Qb3 {[%emt 0:01:23]} Qa5 {[%emt 0:00:42]} 19. Rfc1 {[%emt 0:03:43]} Rc5 {[%emt 0:40:59]} 20. Nd2 {[%emt 0:41:26]} Rac8 {[%emt 0:10:18]} 21. Qb2 {[%emt 0:03:08]} Rxc3 {[%emt 0:07:50]} 22. Nb3 {[%emt 0:01:29]} Rxc1+ {[%emt 0:00:03]} 23. Rxc1 {[%emt 0:00:19]} Rxc1+ {[%emt 0:00:03]} 24. Qxc1 {[%emt 0:00:16]} Qa4 {[%emt 0:00:06]} 25. Nd4 {[%emt 0:05:27]} Qa5 {[%emt 0:22:41]} 26. f3 {[%emt 0:08:00]} Nd7 {[%emt 0:05:20]} 27. Nc6 {[%emt 0:01:21]} Qb5 {[%emt 0:01:47]} 28. Nb4 {[%emt 0:03:43]} Kf8 {[%emt 0:03:55]} 29. Qc7 {[%emt 0:02:13]} Ke7 {[%emt 0:01:06]} 30. Nc6+ {[%emt 0:00:29]} Kf6 {[%emt 0:00:04]} 31. Qd6+ {[%emt 0:03:06]} Kg5 {[%emt 0:00:08]} 32. h4+ {[%emt 0:01:41]} Kh5 {[%emt 0:00:21]} 33. g4+ {[%emt 0:00:12]} Kxh4 {[%emt 0:00:06]} 34. Qh2+ {[%emt 0:00:11]} Kg5 {[%emt 0:00:06]} 35. Qh5+ {[%emt 0:00:06]} 1-0